|
|
|
|
| LEADER |
00618cam a2200217ua 4500 |
| 008 |
060815t1999||||||||||| 00 ||eng c |
| 020 |
|
|
|a 0-14-028572-5
|
| 041 |
0 |
|
|a eng
|
| 082 |
|
|
|a 158.1
|b EAS/C
|
| 245 |
0 |
0 |
|a Conquest of mind /
|
| 250 |
|
|
|a 1st.
|
| 260 |
|
|
|a New Delhi:
|b Penguin,
|c 1999.
|
| 300 |
|
|
|a 183p..
|
| 362 |
1 |
|
|a 1999.
|
| 365 |
|
|
|a Rs.250/-
|e pb
|
| 650 |
|
|
|a Personal improvement
|
| 650 |
0 |
|
|a Applied Psychology
|
| 700 |
0 |
2 |
|a Eknath Easwaran,
|
| 942 |
|
|
|c BK
|
| 999 |
|
|
|c 4237
|d 4237
|
| 952 |
|
|
|0 0
|1 0
|4 0
|6 158_100000000000000_EAS
|7 0
|9 4422
|a KUCL
|b KUCL
|d 2014-05-23
|l 0
|o 158.1 EAS/
|p 07388
|r 2014-05-23
|w 2014-05-23
|y BK
|